000 00592cam a2200193 4500500
005 20260405001714.0
041 _afre
042 _adc
100 1 0 _aTenaillon, Nicolas
_eauthor
245 0 0 _aEnsemble : Pour une éthique de la coopération
260 _c2014.
500 _a35
690 _aCompétence
690 _aCoopération
690 _aRichard Sennett
690 _aTravail
786 0 _nPhilosophie magazine | 76 | 2 | 2014-02-01 | p. 45-46 | 1951-1787
856 4 1 _uhttps://shs.cairn.info/magazine-philosophie-magazine-2014-2-page-45?lang=fr&redirect-ssocas=7080
999 _c2050212
_d2050212